000 00783nam a2200253Ia 4500
003 OSt
005 20220923223001.0
006 a|||||r|||| 00| 0
007 ta
008 220922b |||||||| |||| 00| 0 hin d
024 _a209,611
037 _cTextual
040 _aARTS
_cARTS
_bhin
041 _2hin
_ahin
082 _aO152,3NDUx, M2
100 _aदूबे, बाला
245 0 _aसोने का इन्द्रधनुष
246 _aSone kā indradhanuṣha
260 _aदिल्ली
_b प्रभात प्रका0
_c1982
300 _a156पृ.
_ccm.
650 _aहिन्दी साहित्य
_9156264
942 _hO152,3NDUx, M2
_cTEXL
_2CC
999 _c360160
_d360160